|
|
|
|
| LEADER |
00811nam a22002057a 4500 |
| 001 |
32406 |
| 003 |
BD-DhAAL |
| 005 |
20171129131229.0 |
| 008 |
171129t bg a|||| |||| 00| 0 eng d |
| 999 |
|
|
|c 38679
|d 38679
|
| 040 |
|
|
|a BD-DhAAL
|
| 082 |
|
|
|2 22
|a 303.623095492
|
| 245 |
|
|
|a Seminar on recent extremist violence in Bangladesh :
|b response options : proceedings
|
| 260 |
|
|
|a Dhaka :
|b Bangladesh Institute of International and Strategic Studies (BIISS),
|c 2016
|
| 300 |
|
|
|a 44 pages :
|b illustrations ;
|c 28 cm.
|
| 526 |
|
|
|a AAL
|
| 541 |
|
|
|a Complementary copy
|e 32406
|
| 650 |
|
|
|a Political violence
|z Bnagladesh
|9 24099
|
| 942 |
|
|
|2 ddc
|c BK
|
| 952 |
|
|
|0 0
|1 0
|2 ddc
|4 0
|6 303_623095492000000_SEM
|7 0
|9 62067
|a BRACUL
|b BRACUL
|c GEN
|d 2017-11-29
|e Complementary copy
|l 0
|o 303.623095492 SEM
|p 3010032406
|r 2017-11-29
|t 1
|w 2017-11-29
|y BK
|